Souběh výdělečných činností a soutěžní právo. Ekonomika a právo.

Zvyšovanie počtu osôb, ktoré súčasne súkromne podnikajú a zostávajú v pracovnom pomere k štátnym podnikom, alebo obchodným spoločnostiam. Problémy vznikajúce v prípade, že pracovník súkromne podniká, ale nedostáva sa do konkurenčného vzťahu s podnikom, v ktorom pracuje a problémy, ktoré vznikajú, ke...

ver descrição completa

Na minha lista:
Detalhes bibliográficos
Autor principal: Hajn, P.
Formato: Capítulo de Livro
Idioma:tcheco
Assuntos:
Tags: Adicionar Tag
Sem tags, seja o primeiro a adicionar uma tag!

MARC

LEADER 00000naa a2200000 4500
001 r005044
005 20221125080238.4
041 0 |a cze 
044 |a [CS] 
245 1 0 |a Souběh výdělečných činností a soutěžní právo.  |b Ekonomika a právo.  |c P. Hajn 
520 |a Zvyšovanie počtu osôb, ktoré súčasne súkromne podnikajú a zostávajú v pracovnom pomere k štátnym podnikom, alebo obchodným spoločnostiam. Problémy vznikajúce v prípade, že pracovník súkromne podniká, ale nedostáva sa do konkurenčného vzťahu s podnikom, v ktorom pracuje a problémy, ktoré vznikajú, keď pracovník súkromne podniká a dostáva sa do konkurenčných vzťahov s vlastným podnikom. Súťažné právo ako recept riešenia problémov. 
610 2 0 |a podnikanie súkromné 
610 2 0 |a právo obchodné 
610 2 0 |a konkurencia 
610 2 0 |a ČSFR 
610 2 0 |a zamestnanci 
100 1 |a Hajn, P.